000 00607nam a2200205 a 4500
005 20140412111240.0
008 010502s19uu xx 00 eng d
020 _a0-590-43350-4
050 _aTR(PS E
_bGr75 1980
050 _aER
_bGr75 1980
100 _aSharmat, Mitchell
245 _aGregory, the terrible eater /
_cby Mitchell Sharmat; illustrated by Jose Aruego and Ariane Dewey.
260 _aNew York :
_bScholastic Inc,
_c1980.
300 _a1v. (unp.) ; ill.
440 _aReading Rainbow
650 _aGoats-Stories
650 _aChildren's stories
999 _c102679
_d102679